00623nam a22002177a 450000500170000001000110001702000100002803500110003803700160004904000120006508200160007710000170009324500830011026000390019327000390023230000200027150000490029165000180034065000220035870000250038020170124110202.0 a382412 c00.00 a382412 bCen Lib/Ret aDPLbEN a181.45bSHA aSharma, I.C. aEthical philosophies of India /cby I.C. Sharma;edited by Stanley M. Daugert aLondonbGeorge Allen & Unwinc1965 aRuskin House Museum StreetbLondon a374p. c21cmHb) aIncludes bibliographical reference and index aEthicszIndia aPhilosophy, Indic aDaugert, Stanley M.